=LDR 00000nam 2200000 4500 =001 INLIS000000000010987 =005 20130612102608 =008 ***********************************Ind** =035 ##$$0010-061300000010987 =041 ##$$a Ind =090 ##$$a 696.202 8, Sri-6 =100 ##$$a Sriwidarto =245 ##$$a Buku pedoman ahli pemasang pipa, sriwidarto =260 ##$$a 1994 $b Jakarta6bPradnay peramita =300 ##$$a Jii, 137 hlm, ilus, 21 cm =650 ##$$a Pipa, Pemasangan =850 ##$$a NBPNMAT